[Event "33. Senioren LEM Sachsen-Anhalt 50+"]
[Site "Magdeburg, Germany"]
[Date "2025.07.08"]
[Round "2.1"]
[White "Lang, Torsten"]
[Black "Junggebauer, Thomas"]
[Result "1-0"]
[WhiteElo "2295"]
[BlackElo "2003"]
[PlyCount "79"]
[EventDate "2025.??.??"]

1. d4 d5 2. c4 e6 3. Nc3 Nf6 4. Bg5 Be7 5. Nf3 a6 6. cxd5 exd5 7. Qc2 O-O 8. e3
Be6 9. Bd3 Nbd7 10. O-O Rc8 11. Rac1 Re8 12. h3 Nf8 13. Rfd1 Ng6 14. Qb3 b5 15.
a4 c6 16. axb5 axb5 17. Ra1 Ra8 18. Qc2 Qd6 19. Ne2 Bd7 20. Nf4 Ne4 21. Bxe7
Qxe7 22. Nxg6 hxg6 23. Ne5 Qe6 24. Rxa8 Rxa8 25. Bxe4 dxe4 26. Nxd7 Qxd7 27.
Qxe4 Re8 28. Qf3 Re6 29. Ra1 Qc8 30. Ra7 Rf6 31. Qe4 Re6 32. Qf4 Rf6 33. Qe5
Qd8 34. Qc7 Qd5 35. Ra8+ Kh7 36. Qc8 g5 37. Qh8+ Kg6 38. Rg8 Kf5 39. Qxg7 Rg6
40. Qh7 1-0

[Event "33. Senioren LEM Sachsen-Anhalt 50+"]
[Site "Magdeburg, Germany"]
[Date "2025.07.08"]
[Round "2.3"]
[White "Jensen, Jakob Bjerre"]
[Black "Nielsen, Michael Volstrup"]
[Result "1-0"]
[WhiteElo "2167"]
[BlackElo "1982"]
[PlyCount "57"]
[EventDate "2025.??.??"]

1. d4 d5 2. c4 e6 3. Nc3 Nf6 4. cxd5 exd5 5. Bg5 c6 6. e3 Bd6 7. Bd3 h6 8. Bh4
O-O 9. Qc2 Re8 10. Nge2 a5 11. h3 Na6 12. Qd2 Nc7 13. g4 Ne6 14. O-O-O b5 15.
f4 b4 16. Na4 c5 17. Bxf6 gxf6 18. f5 Ng5 19. dxc5 Bc7 20. Bb5 Re5 21. e4 Nxe4
22. Qxh6 Qf8 23. Qh4 Nxc5 24. Nf4 Nxa4 25. Bxa4 Qc5+ 26. Kb1 Kf8 27. Qh8+ Ke7
28. Qe8+ Kd6 29. Qf8+ 1-0

[Event "33. Senioren LEM Sachsen-Anhalt 50+"]
[Site "Magdeburg, Germany"]
[Date "2025.07.08"]
[Round "2.4"]
[White "Stierle, Martin"]
[Black "Solberg, Joachim"]
[Result "1/2-1/2"]
[WhiteElo "1947"]
[BlackElo "2151"]
[PlyCount "30"]
[EventDate "2025.??.??"]

1. e4 c5 2. Nf3 e6 3. d3 Nc6 4. g3 d6 5. Bg2 Nf6 6. O-O Be7 7. Nbd2 O-O 8. c3
e5 9. Qe2 b5 10. Rd1 Rb8 11. Nf1 b4 12. d4 cxd4 13. cxd4 exd4 14. Nxd4 Nxd4 15.
Rxd4 Qc7 1/2-1/2

[Event "33. Senioren LEM Sachsen-Anhalt 50+"]
[Site "Magdeburg, Germany"]
[Date "2025.07.08"]
[Round "2.5"]
[White "Rabus, Berthold"]
[Black "Koenig, Dirk"]
[Result "1/2-1/2"]
[WhiteElo "2127"]
[BlackElo "1974"]
[PlyCount "21"]
[EventDate "2025.??.??"]

1. f4 b6 2. Nf3 Bb7 3. e3 d6 4. Be2 g6 5. O-O Nd7 6. d3 Bg7 7. Nc3 a6 8. e4 e6
9. Be3 Ne7 10. Qd2 c5 11. Rae1 1/2-1/2

[Event "33. Senioren LEM Sachsen-Anhalt 50+"]
[Site "Magdeburg, Germany"]
[Date "2025.07.08"]
[Round "2.6"]
[White "Schoetzig, Detlef"]
[Black "Weitz, Andreas"]
[Result "1/2-1/2"]
[WhiteElo "2111"]
[BlackElo "1941"]
[PlyCount "50"]
[EventDate "2025.??.??"]

1. Nf3 Nf6 2. d4 d5 3. g3 g6 4. Bg2 Bg7 5. O-O O-O 6. c4 c6 7. Nc3 Ne4 8. cxd5
Nxc3 9. bxc3 cxd5 10. Bf4 Nc6 11. Qb3 Na5 12. Qb4 Nc4 13. Rfd1 Re8 14. Nd2 Nxd2
15. Rxd2 Bf8 16. Qb5 e6 17. e4 Bd7 18. Qxb7 Qc8 19. Qb3 Bc6 20. exd5 exd5 21.
Rc1 Qe6 22. Rdd1 Qd7 23. c4 Ba4 24. Qb1 Bxd1 25. Rxd1 dxc4 1/2-1/2

[Event "33. Senioren LEM Sachsen-Anhalt 50+"]
[Site "Magdeburg, Germany"]
[Date "2025.07.08"]
[Round "2.7"]
[White "Dannhauer, Frank"]
[Black "Bub, Volker"]
[Result "1/2-1/2"]
[WhiteElo "1935"]
[BlackElo "2095"]
[PlyCount "242"]
[EventDate "2025.??.??"]

1. e4 d6 2. d4 Nf6 3. Nc3 g6 4. Nf3 Bg7 5. Be2 O-O 6. O-O Bg4 7. h3 Bxf3 8.
Bxf3 Nc6 9. Be3 Re8 10. d5 Ne5 11. Be2 c6 12. f4 Ned7 13. Bd4 Qc7 14. f5 a6 15.
fxg6 hxg6 16. a4 c5 17. Be3 Ne5 18. Qd2 Kh7 19. Rf4 Rh8 20. Rh4+ Kg8 21. Rxh8+
Kxh8 22. Bh6 Kh7 23. Bf4 Nfd7 24. Qe1 Bf6 25. Ra3 Rh8 26. Qg3 Kg7 27. Bg5 Bxg5
28. Qxg5 Nf6 29. Qe3 c4 30. Nd1 Rc8 31. Nf2 Qc5 32. Qxc5 Rxc5 33. Kf1 e6 34.
dxe6 fxe6 35. Ke1 d5 36. exd5 exd5 37. Kd2 d4 38. Bf3 c3+ 39. Kc1 cxb2+ 40. Kb1
Nc4 41. Rd3 b5 42. Rxd4 bxa4 43. Nd3 Nd2+ 44. Kxb2 a3+ 45. Kxa3 Nxf3 46. gxf3
Rxc2 47. Ne5 Re2 48. Nc4 Rf2 49. Ne5 Re2 50. Nc4 Rh2 51. h4 Nh5 52. Rd6 Rxh4
53. Ne5 Nf4 54. Rxa6 Rh1 55. Kb3 Re1 56. Ng4 Ne6 57. Ra7+ Kf8 58. Kc3 Ng5 59.
f4 Ne6 60. Ra8+ Ke7 61. Ra7+ Kd6 62. Ne5 Nc7 63. Kd2 Rg1 64. Rb7 Nd5 65. Rd7+
Ke6 66. Ra7 Rg2+ 67. Ke1 Nxf4 68. Nxg6 Nxg6 69. Ra6+ Kf5 70. Kf1 Rb2 71. Ke1
Ne5 72. Kd1 Ke4 73. Ra8 Nc6 74. Kc1 Rh2 75. Rc8 Nd4 76. Ra8 Nb5 77. Rb8 Nc3 78.
Re8+ Kd3 79. Rd8+ Kc4 80. Rd2 Rh1+ 81. Kc2 Nd5 82. Kb2 Nb4 83. Rg2 Nd3+ 84. Ka2
Kc3 85. Ka3 Rh5 86. Rg4 Ra5+ 87. Ra4 Rb5 88. Ra8 Ne5 89. Rc8+ Nc4+ 90. Ka2 Rb2+
91. Ka1 Rb5 92. Ka2 Rb4 93. Ra8 Kc2 94. Ka1 Nb6 95. Ra2+ Kc1 96. Rh2 Nd5 97.
Rh1+ Kc2 98. Rh2+ Kd3 99. Rh3+ Ne3 100. Ka2 Re4 101. Kb3 Re6 102. Kb4 Rc6 103.
Kb5 Rc3 104. Kb4 Rc4+ 105. Kb5 Re4 106. Kc5 Re5+ 107. Kd6 Rg5 108. Kc6 Kd4 109.
Rh4+ Ng4 110. Kb6 Rg6+ 111. Kb5 Kd5 112. Rh8 Rd6 113. Kb4 Ne5 114. Kc3 Ra6 115.
Rd8+ Ke4 116. Rh8 Rc6+ 117. Kb4 Nd3+ 118. Kb5 Rc3 119. Rh4+ Kd5 120. Rh5+ Ne5
121. Kb4 Rc4+ 1/2-1/2

[Event "33. Senioren LEM Sachsen-Anhalt 50+"]
[Site "Magdeburg, Germany"]
[Date "2025.07.08"]
[Round "2.8"]
[White "Zschischang, Marine"]
[Black "Frankenberger, Ralf"]
[Result "1-0"]
[WhiteElo "2080"]
[BlackElo "1918"]
[PlyCount "37"]
[EventDate "2025.??.??"]

1. Nf3 Nf6 2. d4 g6 3. Nc3 d5 4. Bf4 Bg7 5. e3 O-O 6. Be2 c5 7. Ne5 Be6 8. O-O
Nbd7 9. Bf3 Rc8 10. Qd2 cxd4 11. exd4 Nb6 12. Rfe1 h5 13. Nxg6 fxg6 14. Rxe6
Nc4 15. Qc1 Kf7 16. Re1 e6 17. Nd1 Nd6 18. Qe3 Re8 19. c3 1-0

[Event "33. Senioren LEM Sachsen-Anhalt 50+"]
[Site "Magdeburg, Germany"]
[Date "2025.07.08"]
[Round "2.9"]
[White "Mitschka, Manfred"]
[Black "Koenig, Marco"]
[Result "0-1"]
[WhiteElo "1913"]
[BlackElo "2075"]
[PlyCount "60"]
[EventDate "2025.??.??"]

1. d4 d5 2. Nf3 Nf6 3. c4 e6 4. g3 c5 5. cxd5 exd5 6. Bg2 Nc6 7. O-O Be7 8. Nc3
O-O 9. Ne5 Nxd4 10. e3 Nc6 11. Nxc6 bxc6 12. Qa4 Qb6 13. Qc2 c4 14. Na4 Qc7 15.
Bd2 Be6 16. Nc3 Qd7 17. Rfd1 Rab8 18. Ne2 Bf5 19. Qc1 Ne4 20. Nd4 Bf6 21. Bc3
Bg6 22. Ne2 Qb7 23. Bxe4 Bxe4 24. Rd2 Bxc3 25. Nxc3 Bf3 26. Qf1 Rfd8 27. Qh3
Rd6 28. g4 Bxg4 29. Qh4 Qd7 30. Qg3 Re8 0-1

[Event "33. Senioren LEM Sachsen-Anhalt 50+"]
[Site "Magdeburg, Germany"]
[Date "2025.07.08"]
[Round "2.10"]
[White "Zschischang, Gunnar"]
[Black "Kaiser, Andreas"]
[Result "1-0"]
[WhiteElo "2066"]
[BlackElo "1906"]
[PlyCount "91"]
[EventDate "2025.??.??"]

1. Nc3 d5 2. d4 Bf5 3. Nf3 e6 4. Ne5 Nf6 5. Bg5 Be7 6. Qd2 Ne4 7. Nxe4 Bxe4 8.
Bxe7 Qxe7 9. f3 Bg6 10. h4 f6 11. Nxg6 hxg6 12. O-O-O g5 13. e4 dxe4 14. fxe4
Nd7 15. g3 O-O-O 16. Be2 gxh4 17. gxh4 Kb8 18. h5 Nb6 19. Qe3 Qb4 20. c3 Qe7
21. Rdg1 Nc8 22. Rg6 Nd6 23. Rhg1 Ne8 24. e5 Rf8 25. Bc4 fxe5 26. Qxe5 Qh4 27.
Rxe6 Nd6 28. Bd3 Rf7 29. Bg6 Rff8 30. Qg3 Qxg3 31. Rxg3 Nf5 32. Rg5 Nd6 33. Re7
Ne8 34. Bxe8 Rdxe8 35. Rxe8+ Rxe8 36. Rxg7 Rh8 37. h6 b6 38. h7 Kb7 39. Kd2 Kc6
40. Ke3 Kd6 41. Kf4 a5 42. Kg5 c5 43. Kg6 cxd4 44. cxd4 Re8 45. Rg8 Re6+ 46.
Kf5 1-0

[Event "33. Senioren LEM Sachsen-Anhalt 50+"]
[Site "Magdeburg, Germany"]
[Date "2025.07.08"]
[Round "2.11"]
[White "Ritter, Uwe"]
[Black "Krannich, Thomas"]
[Result "1/2-1/2"]
[WhiteElo "1895"]
[BlackElo "2063"]
[PlyCount "73"]
[EventDate "2025.??.??"]

1. e4 g6 2. Nf3 Bg7 3. d4 d6 4. c4 Nf6 5. Nc3 O-O 6. Be2 e5 7. dxe5 dxe5 8.
Qxd8 Rxd8 9. Bg5 Nbd7 10. O-O c6 11. Rfd1 Re8 12. h3 Nc5 13. Bd3 Ne6 14. Be3
Nd7 15. Bc2 Nb6 16. b3 f6 17. c5 Nd7 18. b4 Bf8 19. Bb3 Kf7 20. Nd2 b6 21. cxb6
Bxb4 22. Na4 axb6 23. Nxb6 Nxb6 24. Bxb6 Ke7 25. Nc4 Nd4 26. Bxd4 exd4 27. Rac1
Bc3 28. Nb6 Be6 29. Na4 Rxa4 30. Bxa4 Bxa2 31. Bxc6 Rd8 32. Rd3 Rc8 33. Bd5
Bxd5 34. exd5 Rc5 35. d6+ Kxd6 36. Rcxc3 Rxc3 37. Rxd4+ 1/2-1/2

[Event "33. Senioren LEM Sachsen-Anhalt 50+"]
[Site "Magdeburg, Germany"]
[Date "2025.07.08"]
[Round "2.13"]
[White "Buciu, Aurel-John"]
[Black "Puschendorf, Steffen"]
[Result "1/2-1/2"]
[WhiteElo "1876"]
[BlackElo "2017"]
[PlyCount "176"]
[EventDate "2025.??.??"]

1. d4 Nf6 2. Bf4 g6 3. Nf3 Bg7 4. h3 O-O 5. e3 d6 6. Nbd2 b6 7. c3 Bb7 8. Qc2
c5 9. Bd3 Nc6 10. Rd1 Rc8 11. a3 cxd4 12. exd4 e5 13. dxe5 dxe5 14. Bg5 Nd4 15.
Qb1 Nxf3+ 16. Nxf3 e4 17. Be2 Qe7 18. Nd4 Qe5 19. Bh4 e3 20. O-O exf2+ 21. Bxf2
Ne4 22. Bf3 Rce8 23. Qc1 f5 24. Be1 Qc5 25. Qc2 Rd8 26. Bf2 Qe5 27. Qa4 Nxf2
28. Rxf2 Bxf3 29. Rxf3 Qe4 30. Rfd3 Rfe8 31. Qc4+ Kh8 32. Qa6 f4 33. Nf3 Rxd3
34. Qxd3 Bf6 35. Qd6 Qf5 36. Rd5 Qe6 37. Qd7 Qxd7 38. Rxd7 Re7 39. Rd6 Kg7 40.
Kf1 Kf7 41. Nd4 Bh4 42. Nf3 Bg3 43. Ng5+ Ke8 44. Re6 Bh4 45. Rxe7+ Kxe7 46. Nf3
Bf6 47. Ke2 Kd6 48. Kd3 Kd5 49. a4 g5 50. b4 h5 51. c4+ Kd6 52. Nd2 Ke5 53.
Nf3+ Kd6 54. Nd2 Ke6 55. Ne4 Be7 56. Kd4 g4 57. hxg4 hxg4 58. c5 bxc5+ 59. bxc5
g3 60. Nd2 Bd8 61. Ke4 Bc7 62. Nf3 Kd7 63. Nd4 a6 64. Kd5 Ba5 65. c6+ Kc8 66.
Nf3 Bb6 67. Ke4 Be3 68. Ne5 Kc7 69. Kd5 Bc1 70. Ke4 Kd6 71. Nd3 Bd2 72. Nxf4
Kxc6 73. Nh5 Be1 74. Kf3 a5 75. Nxg3 Kc5 76. Ne4+ Kb4 77. g4 Kxa4 78. g5 Bb4
79. g6 Bf8 80. Ng5 Bg7 81. Ke4 Kb3 82. Ne6 Bh8 83. Kd3 Kb2 84. Nc5 Bg7 85. Kc4
Kc2 86. Kb5 Kd2 87. Kxa5 Ke3 88. Kb5 Kf4 1/2-1/2

[Event "33. Senioren LEM Sachsen-Anhalt 50+"]
[Site "Magdeburg, Germany"]
[Date "2025.07.08"]
[Round "2.14"]
[White "Richter, Juergen"]
[Black "Ackermann, Robert"]
[Result "1/2-1/2"]
[WhiteElo "1835"]
[BlackElo "2004"]
[PlyCount "28"]
[EventDate "2025.??.??"]

1. Nf3 d5 2. d4 Nf6 3. g3 e6 4. Bg2 Be7 5. O-O O-O 6. Re1 c5 7. dxc5 Bxc5 8.
Nc3 Nc6 9. Na4 Bb4 10. Bd2 Bxd2 11. Nxd2 Bd7 12. Nc5 b6 13. Nxd7 Qxd7 14. e4
Rfd8 1/2-1/2

[Event "33. Senioren LEM Sachsen-Anhalt 50+"]
[Site "Magdeburg, Germany"]
[Date "2025.07.08"]
[Round "2.15"]
[White "Hanisch, Klaus"]
[Black "Kottke, Steffen"]
[Result "0-1"]
[WhiteElo "2009"]
[BlackElo "1888"]
[PlyCount "68"]
[EventDate "2025.??.??"]

1. c4 e5 2. g3 Nf6 3. Bg2 Be7 4. Nc3 O-O 5. e4 Nc6 6. Nge2 Nd4 7. Nxd4 exd4 8.
Ne2 c5 9. O-O d6 10. d3 Bg4 11. f3 Bd7 12. a4 b6 13. Bd2 a6 14. h3 b5 15. b3
Bc6 16. Nf4 Nd7 17. Nd5 Bxd5 18. cxd5 Bf6 19. Rc1 Rc8 20. f4 g6 21. g4 Bg7 22.
g5 h6 23. h4 h5 24. Bh3 Rb8 25. Be1 Bh8 26. Bg3 Bg7 27. Rf2 Kh7 28. Kh2 f6 29.
f5 fxg5 30. fxg6+ Kh6 31. hxg5+ Qxg5 32. Bxd7 Be5 33. Rg2 Rf2 34. Rc2 Qxg3+ 0-1

[Event "33. Senioren LEM Sachsen-Anhalt 50+"]
[Site "Magdeburg, Germany"]
[Date "2025.07.08"]
[Round "2.17"]
[White "Schirmag, Wolfgang"]
[Black "Jahn, Peter"]
[Result "0-1"]
[WhiteElo "1775"]
[BlackElo "2126"]
[PlyCount "34"]
[EventDate "2025.??.??"]

1. Nf3 d5 2. e3 Nf6 3. c4 e6 4. d4 a6 5. a3 dxc4 6. Bxc4 b5 7. Be2 Bb7 8. Nc3
Nbd7 9. O-O c5 10. Bd2 Bd6 11. Bd3 O-O 12. Qe2 Qe7 13. e4 cxd4 14. Nxd4 Bxh2+
15. Kxh2 Qd6+ 16. f4 Qxd4 17. Be3 Qxe3 0-1

[Event "33. Senioren LEM Sachsen-Anhalt 50+"]
[Site "Magdeburg, Germany"]
[Date "2025.07.08"]
[Round "2.18"]
[White "Bangert, Udo"]
[Black "Vogt, Joerg"]
[Result "1-0"]
[WhiteElo "1882"]
[BlackElo "1748"]
[PlyCount "125"]
[EventDate "2025.??.??"]

1. Nf3 Nf6 2. c4 g6 3. Nc3 Bg7 4. g3 O-O 5. Bg2 c6 6. O-O d6 7. d3 e5 8. Qc2
Re8 9. e4 Nbd7 10. b4 Nf8 11. Rb1 Ne6 12. a4 Bd7 13. Rd1 Nd4 14. Nxd4 exd4 15.
Ne2 c5 16. Bd2 Rb8 17. Rf1 b6 18. b5 Ng4 19. h3 Nf6 20. Qc1 Qc8 21. Kh2 Be6 22.
Ng1 Nd7 23. f4 f5 24. Re1 Qc7 25. Qc2 Nf6 26. Re2 Re7 27. Rbe1 Rbe8 28. Bf3 Bc8
29. Bc1 Kf8 30. Kg2 h6 31. Kh2 Nh7 32. Bg2 Nf6 33. Nf3 Kg8 34. Nh4 Kh7 35. exf5
gxf5 36. Bc6 Rxe2+ 37. Rxe2 Bd7 38. Rxe8 Nxe8 39. Bf3 Bf6 40. Ng2 Ng7 41. Qe2
Qc8 42. Bd2 Be8 43. g4 Qd8 44. Bd5 Bg6 45. Ne1 Qc8 46. Kg3 Qd8 47. Nf3 fxg4 48.
hxg4 h5 49. f5 Be8 50. Qh2 Qe7 51. Be4 Kg8 52. g5 Be5+ 53. Bf4 Bxf4+ 54. Kxf4
Qf8 55. f6 Bd7 56. Kg3 Nf5+ 57. Kf2 Qf7 58. Nh4 Nxh4 59. Qxh4 Kf8 60. g6 Qe6
61. g7+ Ke8 62. Qxh5+ Kd8 63. Qh8+ 1-0

[Event "33. Senioren LEM Sachsen-Anhalt 50+"]
[Site "Maritim-Hotel Magdeburg"]
[Date "2025.07.08"]
[Round "2.19"]
[White "Orschiedt-Eghbali, Anke"]
[Black "Schumacher, Maik"]
[Result "1/2-1/2"]
[WhiteElo "1754"]
[BlackElo "1877"]
[PlyCount "75"]
[EventDate "2025.07.07"]
[WhiteTeam "SK Landau"]
[BlackTeam "SV Gardelegen"]

1. f4 d5 2. Nf3 g6 3. g3 Bg7 4. Bg2 c6 5. O-O Nf6 6. d3 O-O 7. e3 Nbd7 8. Nc3
Re8 9. Qe2 Qb6 10. d4 a5 11. a4 Qa7 12. h3 b6 13. Qf2 Qc7 14. Ne5 e6 15. Bd2
Ba6 16. Rfe1 Rad8 17. g4 Rf8 18. e4 dxe4 19. Nxe4 Nxe5 20. dxe5 Nxe4 21. Bxe4
Bc4 22. Be3 c5 23. Rad1 Bd5 24. Bd3 Bb7 25. Kh2 f6 26. exf6 Rxf6 27. Qg3 Bd5
28. b3 Rdf8 29. c4 Bb7 30. Rf1 R6f7 31. Bc2 Bh6 32. g5 Bg7 33. Rf2 Rd8 34.
Rxd8+ Qxd8 35. Rd2 Rd7 36. Rxd7 Qxd7 37. Qf2 Kf7 38. Kg3 1/2-1/2

[Event "33. Senioren LEM Sachsen-Anhalt 50+"]
[Site "Maritim-Hotel Magdeburg"]
[Date "2025.07.08"]
[Round "2.20"]
[White "Heiler, Karl"]
[Black "Janeke, Thomas"]
[Result "1/2-1/2"]
[WhiteElo "1870"]
[BlackElo "1738"]
[PlyCount "59"]
[EventDate "2025.07.07"]
[WhiteTeam "TG Bad Waldsee 1848"]
[BlackTeam "Sportgemeinschaft Kloetze Sued"]

1. e4 d5 2. exd5 Qxd5 3. Nc3 Qa5 4. d4 c6 5. Bd2 Nf6 6. h3 Bf5 7. g4 Bg6 8. f4
h6 9. f5 Bh7 10. Bc4 Qc7 11. Qf3 Nbd7 12. Bf4 Qb6 13. O-O-O g6 14. Qd3 e6 15.
Nf3 O-O-O 16. fxe6 fxe6 17. Qe2 Nd5 18. Bxd5 exd5 19. Ne5 g5 20. Nxd7 Rxd7 21.
Qe5 Rg8 22. Qe8+ Qd8 23. Qxd8+ Kxd8 24. Be5 Rgg7 25. Bxg7 Rxg7 26. Rhf1 Bd6 27.
Rf6 Bf4+ 28. Kb1 Bg6 29. h4 Ke7 30. Rxg6 1/2-1/2

[Event "33. Senioren LEM Sachsen-Anhalt 50+"]
[Site "Maritim-Hotel Magdeburg"]
[Date "2025.07.08"]
[Round "2.21"]
[White "Huelle, Gunter"]
[Black "Angott, Juergen"]
[Result "1-0"]
[WhiteElo "1746"]
[BlackElo "1867"]
[PlyCount "45"]
[EventDate "2025.07.07"]
[WhiteTeam "SV Springer Leipzig"]
[BlackTeam "SC Grunbach"]

1. b4 e6 2. Bb2 Nf6 3. b5 b6 4. c4 Be7 5. e3 O-O 6. Nf3 Bb7 7. Be2 d6 8. O-O
Nbd7 9. d4 Rc8 10. Nbd2 c5 11. Nb3 Qc7 12. Nfd2 Rfe8 13. Bf3 Bxf3 14. Qxf3 Nf8
15. a4 Qd8 16. a5 N8d7 17. axb6 axb6 18. Ra7 d5 19. dxc5 Nxc5 20. cxd5 Nxd5 21.
Ba3 Nxb3 22. Nxb3 Bxa3 23. Qxf7+ 1-0

[Event "33. Senioren LEM Sachsen-Anhalt 50+"]
[Site "Maritim-Hotel Magdeburg"]
[Date "2025.07.08"]
[Round "2.23"]
[White "Gaertig, Johannes"]
[Black "Hencke, Heiko"]
[Result "0-1"]
[WhiteElo "1724"]
[BlackElo "1841"]
[PlyCount "132"]
[EventDate "2025.07.07"]
[WhiteTeam "Haldensleber Sportclub"]
[BlackTeam "SK Kaltenkirchen"]

1. d4 d5 2. Nf3 Nf6 3. Bf4 e6 4. e3 c5 5. Nbd2 Nc6 6. Bb5 Bd7 7. c3 Qb6 8. Bxc6
Bxc6 9. b3 cxd4 10. exd4 Be7 11. O-O O-O 12. Ne5 Rac8 13. a4 Bd6 14. Ndf3 Ne4
15. Qc2 Be8 16. c4 f6 17. Nd3 dxc4 18. Bxd6 Nxd6 19. Nc5 cxb3 20. Qxb3 Qxb3 21.
Nxb3 b6 22. Rfe1 Bf7 23. h3 Rc3 24. Nbd2 Rfc8 25. Re3 Rc1+ 26. Rxc1 Rxc1+ 27.
Kh2 Nf5 28. Ra3 Ne7 29. Ne4 Nd5 30. Nd6 Bh5 31. g4 Bg6 32. a5 Kf8 33. axb6 axb6
34. Ra7 Rc7 35. Ra8+ Ke7 36. Nb5 Rd7 37. Rc8 Bd3 38. Nc3 b5 39. Nxd5+ Rxd5 40.
Rc7+ Rd7 41. Rc8 Be4 42. Kg3 b4 43. Rc4 b3 44. Rb4 Rb7 45. Rxb7+ Bxb7 46. Nd2
b2 47. Kf4 Bd5 48. Nb1 Ba2 49. Nc3 b1=Q 50. Nxb1 Bxb1 51. h4 Kd6 52. Ke3 Kd5
53. f4 h6 54. g5 hxg5 55. hxg5 f5 56. g6 Be4 57. Kf2 Kxd4 58. Ke2 Bc6 59. Kf2
Ke4 60. Kg3 Be8 61. Kh4 Kxf4 62. Kh5 e5 63. Kh4 e4 64. Kh5 e3 65. Kh4 e2 66.
Kh5 e1=R 0-1

[Event "33. Senioren LEM Sachsen-Anhalt 50+"]
[Site "Maritim-Hotel Magdeburg"]
[Date "2025.07.08"]
[Round "2.24"]
[White "Wolter, Kerstin"]
[Black "Hansen, Jeppe"]
[Result "1/2-1/2"]
[WhiteElo "1719"]
[BlackElo "1834"]
[PlyCount "73"]
[EventDate "2025.07.07"]
[WhiteTeam "SV Gifhorn"]

1. e4 c5 2. Nf3 d6 3. Bb5+ Nc6 4. Bxc6+ bxc6 5. O-O Bg4 6. Re1 Nf6 7. e5 dxe5
8. Rxe5 e6 9. Re1 Bd6 10. h3 Bh5 11. d3 Qc7 12. Nbd2 O-O 13. Nc4 Rab8 14. b3
Nd5 15. Bd2 Rfe8 16. g4 Bg6 17. Nfe5 f6 18. Ba5 Nb6 19. Nxg6 hxg6 20. Qf3 Qd7
21. Nxd6 Qxd6 22. Bxb6 axb6 23. a4 Qd5 24. Qe4 f5 25. Qe5 b5 26. a5 b4 27. a6
Kf7 28. a7 Ra8 29. Ra5 Qf3 30. Qe3 fxg4 31. hxg4 Qxg4+ 32. Kf1 Rh8 33. f3 Rh1+
34. Ke2 Rxe1+ 35. Kxe1 Qg3+ 36. Kd2 Qh2+ 37. Kc1 1/2-1/2

[Event "33. Senioren LEM Sachsen-Anhalt 50+"]
[Site "Maritim-Hotel Magdeburg"]
[Date "2025.07.08"]
[Round "2.25"]
[White "Giesenberg, Angela"]
[Black "Stahl, Lothar"]
[Result "1-0"]
[WhiteElo "1818"]
[BlackElo "1680"]
[PlyCount "93"]
[EventDate "2025.07.07"]
[WhiteTeam "Schachclub Hansa Dortmund"]
[BlackTeam "SC Grunbach"]

1. Nf3 d6 2. g3 e5 3. d3 Be7 4. Bg2 Nf6 5. Nc3 O-O 6. O-O c6 7. e4 Bg4 8. h3
Be6 9. Ng5 Qc8 10. Nxe6 fxe6 11. Ne2 d5 12. d4 exd4 13. Nxd4 Nxe4 14. Qg4 Bf6
15. Qxe6+ Kh8 16. Qxc8 Rxc8 17. Ne6 Nd7 18. c3 Ne5 19. Bxe4 dxe4 20. Nc5 b6 21.
Nxe4 Rf8 22. Nxf6 Rxf6 23. Be3 c5 24. b3 h6 25. Rad1 Raf8 26. Kg2 Kh7 27. Rd5
Re8 28. Rfd1 Rf7 29. a4 Re6 30. a5 g5 31. axb6 axb6 32. Rd6 Rff6 33. Rxe6 Rxe6
34. Bc1 Kg6 35. c4 h5 36. Bb2 Nc6 37. Kf1 Nb4 38. Ba3 Nc6 39. Rd5 Nd4 40. Bb2
Nxb3 41. Bc3 Nc1 42. Bd2 Nb3 43. Rxg5+ Kf7 44. Be3 Nd4 45. Rxh5 Ke7 46. Rh7+
Kd6 47. Bf4+ 1-0

[Event "33. Senioren LEM Sachsen-Anhalt 50+"]
[Site "Maritim-Hotel Magdeburg"]
[Date "2025.07.08"]
[Round "2.26"]
[White "Ehrich, Dieter"]
[Black "Dettmann, Nils"]
[Result "1/2-1/2"]
[WhiteElo "1653"]
[BlackElo "1812"]
[PlyCount "37"]
[EventDate "2025.07.07"]
[WhiteTeam "PSV Ribnitz-Damgarten"]
[BlackTeam "Ahrensburger TSV"]

1. c4 Nf6 2. g3 e6 3. Bg2 d5 4. d4 Be7 5. Nf3 O-O 6. O-O dxc4 7. Ne5 Nc6 8.
Nxc6 bxc6 9. Bxc6 Rb8 10. Nc3 Rb6 11. Bg2 c5 12. dxc5 Rb8 13. c6 Qa5 14. e4 Rd8
15. Qe2 Ba6 16. Be3 Rbc8 17. Bxa7 Rxc6 18. e5 Nd5 19. Qf3 1/2-1/2

[Event "33. Senioren LEM Sachsen-Anhalt 50+"]
[Site "Maritim-Hotel Magdeburg"]
[Date "2025.07.08"]
[Round "2.27"]
[White "Hammel, Juergen"]
[Black "Stolzenwald, Frank"]
[Result "1-0"]
[WhiteElo "1790"]
[BlackElo "1630"]
[PlyCount "69"]
[EventDate "2025.07.07"]
[WhiteTeam "SC Grunbach"]
[BlackTeam "SF Hamburg 1934"]

1. e4 e5 2. Nf3 Nf6 3. Nc3 Bb4 4. Nd5 Nxd5 5. exd5 d6 6. c3 Ba5 7. Qa4+ c6 8.
dxc6 Nxc6 9. Be2 a6 10. O-O b5 11. Qc2 O-O 12. d4 f5 13. dxe5 dxe5 14. Be3 Bb6
15. Rad1 Qc7 16. Bxb6 Qxb6 17. Rd6 Rf6 18. Rfd1 Qc7 19. Qb3+ Kf8 20. Qd5 Rxd6
21. Qxd6+ Qxd6 22. Rxd6 Bb7 23. Rd7 Rb8 24. Ng5 Kg8 25. Ne6 g6 26. Nc5 Bc8 27.
Rc7 Nd8 28. b3 Ne6 29. Nxe6 Bxe6 30. Rc6 Bc8 31. c4 b4 32. c5 Ra8 33. Rc7 Be6
34. Kf1 a5 35. Re7 1-0

[Event "33. Senioren LEM Sachsen-Anhalt 50+"]
[Site "Maritim-Hotel Magdeburg"]
[Date "2025.07.08"]
[Round "2.28"]
[White "Miller, Thomas"]
[Black "Ahrens, Gunnar"]
[Result "0-1"]
[WhiteElo "1541"]
[BlackElo "1781"]
[PlyCount "46"]
[EventDate "2025.07.07"]
[WhiteTeam "USC Magdeburg"]
[BlackTeam "Delmenhorster SK V 1931"]

1. Nf3 Nc6 2. a3 d5 3. b4 a6 4. Bb2 Nf6 5. e3 e6 6. c4 Be7 7. Be2 O-O 8. Qc2 h6
9. d3 dxc4 10. dxc4 b6 11. Nbd2 Bb7 12. O-O-O Qc8 13. h3 Rd8 14. g4 e5 15. Nxe5
Nxe5 16. Bxe5 Bxh1 17. Rxh1 c5 18. b5 axb5 19. Qb3 Rxd2 20. Kxd2 Ne4+ 21. Kc2
Qe6 22. Bb2 Nd6 23. cxb5 Qe4+ 0-1

[Event "33. Senioren LEM Sachsen-Anhalt 50+"]
[Site "Maritim-Hotel Magdeburg"]
[Date "2025.07.08"]
[Round "2.29"]
[White "Hencke, Andrea"]
[Black "Okrajek, Sibylle"]
[Result "1-0"]
[WhiteElo "1779"]
[BlackElo "1428"]
[PlyCount "39"]
[EventDate "2025.07.07"]
[WhiteTeam "SK Kaltenkirchen"]
[BlackTeam "Schachclub 1919 Siegburg"]

1. e4 e5 2. Nf3 Nc6 3. d4 d6 4. Be2 Nf6 5. Nc3 Be7 6. h3 h6 7. Be3 O-O 8. Qd2
Nd7 9. O-O-O Re8 10. g4 g5 11. h4 f6 12. hxg5 fxg5 13. Rxh6 Kg7 14. Rdh1 Nf8
15. Nxg5 Bf6 16. dxe5 dxe5 17. Qxd8 Rxd8 18. Nd5 Rd6 19. Nxc7 Rb8 20. Ne8+ 1-0